[Event "European Senior Team Championship 2021"]
[Site "Don Giovanni hotel, Vinohradska 2733, Prague, Czech Republic"]
[Date "2021.09.07"]
[Round "9"]
[Board "3"]
[White "Holst, Per"]
[Black "Berkovich, Mark A"]
[Result "0-1"]
[WhiteElo "2097"]
[BlackElo "2323"]
[PlyCount "0"]
[EventDate "2021.08.30"]
[EventType "team"]
[EventRounds "9"]
[EventCountry "ECX"]
[WhiteTeam "SK 2012"]
[BlackTeam "ISRAEL 1"]

1. d4 {[%clk 1:30:57]} Nf6 {[%clk 1:30:41]} 2. c4 {[%clk 1:31:18]} e6
{[%clk 1:31:02]} 3. Nf3 {[%clk 1:31:39]} d5 {[%clk 1:30:42]} 4. g3
{[%clk 1:32:00]} Be7 {[%clk 1:29:47]} 5. Bg2 {[%clk 1:32:18]} O-O
{[%clk 1:30:11]} 6. O-O {[%clk 1:32:37]} dxc4 {[%clk 1:30:27]} 7. Qc2
{[%clk 1:32:56]} a6 {[%clk 1:30:25]} 8. Qxc4 {[%clk 1:33:14]} b5 {[%clk 1:30:50]}
9. Qc2 {[%clk 1:33:35]} Bb7 {[%clk 1:31:15]} 10. Bg5 {[%clk 1:33:54]} Nbd7
{[%clk 1:28:10]} 11. Bxf6 {[%clk 1:34:00]} Nxf6 {[%clk 1:22:16]} 12. Nbd2
{[%clk 1:34:17]} Qb8 {[%clk 1:20:41]} 13. Nb3 {[%clk 1:32:42]} Be4
{[%clk 1:19:43]} 14. Qc1 {[%clk 1:31:32]} Qb6 {[%clk 1:11:06]} 15. Ne5
{[%clk 1:23:29]} Bxg2 {[%clk 1:08:45]} 16. Kxg2 {[%clk 1:23:29]} Bd6
{[%clk 1:03:32]} 17. Nd3 {[%clk 1:06:35]} a5 {[%clk 1:00:38]} 18. Nbc5
{[%clk 1:03:05]} Rfd8 {[%clk 1:00:11]} 19. Rd1 {[%clk 0:59:43]} h6
{[%clk 0:51:31]} 20. Qc2 {[%clk 0:56:51]} Qc6+ {[%clk 0:48:06]} 21. Kg1
{[%clk 0:51:32]} Rab8 {[%clk 0:45:57]} 22. Rac1 {[%clk 0:50:59]} Qd5
{[%clk 0:46:16]} 23. Qc3 {[%clk 0:46:17]} b4 {[%clk 0:39:39]} 24. Qc4
{[%clk 0:45:42]} Qh5 {[%clk 0:39:58]} 25. f3 {[%clk 0:43:11]} Nd5
{[%clk 0:39:12]} 26. Rd2 {[%clk 0:38:52]} Ne3 {[%clk 0:37:26]} 27. Qb3
{[%clk 0:33:03]} Qh3 {[%clk 0:37:13]} 28. Kf2 {[%clk 0:27:41]} Nf5
{[%clk 0:37:18]} 29. Ne4 {[%clk 0:25:54]} Qxh2+ {[%clk 0:36:26]}  0-1

[Event "European Senior Team Championship 2021"]
[Site "Don Giovanni hotel, Vinohradska 2733, Prague, Czech Republic"]
[Date "2021.09.07"]
[Round "9"]
[Board "4"]
[White "Kagan, Shimon"]
[Black "Andersson, Finn"]
[Result "1-0"]
[WhiteElo "2292"]
[BlackElo "1796"]
[PlyCount "0"]
[EventDate "2021.08.30"]
[EventType "team"]
[EventRounds "9"]
[EventCountry "ECX"]
[WhiteTeam "ISRAEL 1"]
[BlackTeam "SK 2012"]

1. e4 {[%clk 1:30:56]} e5 {[%clk 1:30:38]} 2. Nf3 {[%clk 1:31:13]} Nc6
{[%clk 1:31:00]} 3. Bb5 {[%clk 1:31:18]} a6 {[%clk 1:31:23]} 4. Bxc6
{[%clk 1:31:37]} dxc6 {[%clk 1:31:47]} 5. O-O {[%clk 1:31:54]} f6
{[%clk 1:32:08]} 6. d4 {[%clk 1:32:07]} exd4 {[%clk 1:32:32]} 7. Nxd4
{[%clk 1:32:22]} c5 {[%clk 1:32:29]} 8. Ne2 {[%clk 1:32:32]} Qxd1
{[%clk 1:32:53]} 9. Rxd1 {[%clk 1:32:52]} Bd6 {[%clk 1:32:33]} 10. Bf4
{[%clk 1:31:51]} Be6 {[%clk 1:27:44]} 11. Bxd6 {[%clk 1:30:40]} O-O-O
{[%clk 1:28:05]} 12. Nf4 {[%clk 1:29:12]} Bf7 {[%clk 1:26:42]} 13. Nc3
{[%clk 1:27:45]} cxd6 {[%clk 1:21:22]} 14. Rd3 {[%clk 1:24:39]} Nh6
{[%clk 1:13:16]} 15. Rad1 {[%clk 1:22:44]} Rhe8 {[%clk 1:04:23]} 16. Rxd6
{[%clk 1:18:49]} Rxd6 {[%clk 0:59:52]} 17. Rxd6 {[%clk 1:19:08]} Nf5
{[%clk 0:57:33]} 18. Rd2 {[%clk 1:16:02]} Nd4 {[%clk 0:45:28]} 19. f3
{[%clk 1:16:07]} Rd8 {[%clk 0:39:05]} 20. Kf2 {[%clk 1:14:58]} Kc7
{[%clk 0:29:09]} 21. Ncd5+ {[%clk 1:11:34]} Kc6 {[%clk 0:26:04]} 22. Ne7+
{[%clk 1:00:46]} Kc7 {[%clk 0:25:44]} 23. c3 {[%clk 0:57:54]} Nxf3
{[%clk 0:19:03]} 24. Ned5+ {[%clk 0:57:59]} Kb8 {[%clk 0:15:25]} 25. gxf3
{[%clk 0:57:59]} g5 {[%clk 0:15:04]} 26. Ne2 {[%clk 0:56:59]}  1-0

[Event "European Senior Team Championship 2021"]
[Site "Don Giovanni hotel, Vinohradska 2733, Prague, Czech Republic"]
[Date "2021.09.07"]
[Round "9"]
[Board "1"]
[White "Vrabec, Milos"]
[Black "Knaak, Rainer"]
[Result "1/2-1/2"]
[WhiteElo "2095"]
[BlackElo "2476"]
[PlyCount "0"]
[EventDate "2021.08.30"]
[EventType "team"]
[EventRounds "9"]
[EventCountry "ECX"]
[WhiteTeam "OLDEST BOYS"]
[BlackTeam "LASKER SCHACHSTIFTUNG GK"]

1. d4 {[%clk 1:30:53]} d5 {[%clk 1:30:09]} 2. Nf3 {[%clk 1:31:06]} Bf5
{[%clk 1:29:51]} 3. g3 {[%clk 1:28:11]} e6 {[%clk 1:30:03]} 4. Bg2
{[%clk 1:28:35]} Nf6 {[%clk 1:25:57]} 5. O-O {[%clk 1:28:06]} Be7
{[%clk 1:22:50]} 6. c4 {[%clk 1:27:34]} c6 {[%clk 1:22:34]} 7. Nc3
{[%clk 1:25:38]} h6 {[%clk 1:21:42]} 8. Qb3 {[%clk 1:22:42]} Qb6 {[%clk 1:14:46]}
9. c5 {[%clk 1:22:02]} Qxb3 {[%clk 0:53:50]} 10. axb3 {[%clk 1:22:10]} Na6
{[%clk 0:54:05]} 11. Bf4 {[%clk 1:11:10]} g5 {[%clk 0:48:54]} 12. Be5
{[%clk 1:09:55]} O-O {[%clk 0:48:59]} 13. h3 {[%clk 1:08:13]} Nd7
{[%clk 0:47:48]} 14. g4 {[%clk 1:08:29]} Bh7 {[%clk 0:44:23]} 15. Rfc1
{[%clk 0:53:52]} f6 {[%clk 0:43:26]} 16. Bg3 {[%clk 0:53:45]} Rfc8
{[%clk 0:26:49]} 17. Ra4 {[%clk 0:48:47]} e5 {[%clk 0:24:55]} 18. b4
{[%clk 0:46:38]} e4 {[%clk 0:16:43]} 19. Nd2 {[%clk 0:44:15]} Nc7
{[%clk 0:17:04]} 20. e3 {[%clk 0:41:03]} Bd8 {[%clk 0:08:03]} 21. Rca1
{[%clk 0:29:21]} a6 {[%clk 0:07:49]} 22. Bxc7 {[%clk 0:26:00]} Rxc7
{[%clk 0:08:07]} 23. b5 {[%clk 0:26:25]} Nb8 {[%clk 0:05:22]} 24. b6
{[%clk 0:25:33]} Rd7 {[%clk 0:04:50]} 25. b4 {[%clk 0:24:27]} Bg6
{[%clk 0:05:04]} 26. Bf1 {[%clk 0:22:20]} Be7 {[%clk 0:05:04]} 27. Nb3
{[%clk 0:21:14]} Bf7 {[%clk 0:05:32]} 28. Na5 {[%clk 0:21:19]} Be6
{[%clk 0:05:33]} 29. Be2 {[%clk 0:16:12]} Kf7 {[%clk 0:05:03]} 30. R4a2
{[%clk 0:16:05]} Bf8 {[%clk 0:05:27]} 31. Kg2 {[%clk 0:11:41]}  1/2-1/2

[Event "European Senior Team Championship 2021"]
[Site "Don Giovanni hotel, Vinohradska 2733, Prague, Czech Republic"]
[Date "2021.09.07"]
[Round "9"]
[Board "2"]
[White "Kalinitschew, Sergey"]
[Black "Koper, Stefan"]
[Result "1-0"]
[WhiteElo "2434"]
[BlackElo "1827"]
[PlyCount "0"]
[EventDate "2021.08.30"]
[EventType "team"]
[EventRounds "9"]
[EventCountry "ECX"]
[WhiteTeam "LASKER SCHACHSTIFTUNG GK"]
[BlackTeam "OLDEST BOYS"]

1. e4 {[%clk 1:30:46]} c6 {[%clk 1:30:35]} 2. d4 {[%clk 1:31:01]} d5
{[%clk 1:30:53]} 3. Nc3 {[%clk 1:30:58]} dxe4 {[%clk 1:31:17]} 4. Nxe4
{[%clk 1:31:22]} Nf6 {[%clk 1:31:40]} 5. Nxf6+ {[%clk 1:27:01]} exf6
{[%clk 1:32:00]} 6. Bc4 {[%clk 1:26:38]} Bd6 {[%clk 1:31:59]} 7. Qe2+
{[%clk 1:26:55]} Qe7 {[%clk 1:32:22]} 8. Qxe7+ {[%clk 1:27:07]} Kxe7
{[%clk 1:32:49]} 9. Ne2 {[%clk 1:27:09]} Be6 {[%clk 1:33:12]} 10. Bxe6
{[%clk 1:27:07]} fxe6 {[%clk 1:32:57]} 11. Bf4 {[%clk 1:27:12]} Bxf4
{[%clk 1:32:49]} 12. Nxf4 {[%clk 1:27:40]} Nd7 {[%clk 1:32:20]} 13. O-O-O
{[%clk 1:28:03]} Kf7 {[%clk 1:32:26]} 14. Rhe1 {[%clk 1:28:15]} Rhe8
{[%clk 1:32:45]} 15. Nd3 {[%clk 1:27:44]} Re7 {[%clk 1:32:45]} 16. f4
{[%clk 1:27:35]} b6 {[%clk 1:30:27]} 17. Re3 {[%clk 1:26:29]} Rc8
{[%clk 1:30:49]} 18. Nf2 {[%clk 1:26:47]} c5 {[%clk 1:29:44]} 19. Ne4
{[%clk 1:26:56]} Rc6 {[%clk 1:30:12]} 20. Rc3 {[%clk 1:22:31]} c4
{[%clk 1:23:43]} 21. Rxc4 {[%clk 1:22:51]} Rxc4 {[%clk 1:24:01]} 22. Nd6+
{[%clk 1:23:09]} Kg6 {[%clk 1:24:25]} 23. Nxc4 {[%clk 1:23:37]} h5
{[%clk 1:24:29]} 24. Ne3 {[%clk 1:19:27]} b5 {[%clk 1:23:38]} 25. Re1
{[%clk 1:18:04]} Kf7 {[%clk 1:22:59]} 26. c3 {[%clk 1:17:14]} Nb6
{[%clk 1:23:14]} 27. Kc2 {[%clk 1:17:30]} a5 {[%clk 1:22:59]} 28. b3
{[%clk 1:15:36]} Rd7 {[%clk 1:22:57]} 29. Rd1 {[%clk 1:12:56]} a4
{[%clk 1:21:18]} 30. c4 {[%clk 1:12:56]} axb3+ {[%clk 1:20:53]} 31. axb3
{[%clk 1:13:14]} bxc4 {[%clk 1:21:12]} 32. bxc4 {[%clk 1:13:41]} Ra7
{[%clk 1:21:35]} 33. Rb1 {[%clk 1:13:14]} Nc8 {[%clk 1:17:21]} 34. f5
{[%clk 1:10:36]} exf5 {[%clk 1:14:39]} 35. Nxf5 Kg6 36. Ne3 {[%clk 1:10:19]} Kg5
{[%clk 1:14:37]} 37. g3 {[%clk 1:08:47]} Nd6 {[%clk 1:11:04]} 38. c5
{[%clk 1:06:01]} Ne4 {[%clk 1:11:14]} 39. Kd3 {[%clk 1:03:51]} Nf2+
{[%clk 1:10:42]} 40. Kc4 {[%clk 1:01:04]} Ne4 {[%clk 1:10:35]} 41. Rb2
{[%clk 0:58:24]} Ra3 {[%clk 1:09:01]} 42. Nd5 {[%clk 0:56:58]} Ra4+
{[%clk 1:04:06]} 43. Nb4 {[%clk 0:56:29]} Kf5 {[%clk 1:03:58]} 44. Ra2
{[%clk 0:56:13]} Rxa2 {[%clk 1:02:14]} 45. Nxa2 {[%clk 0:56:33]} g5
{[%clk 1:02:03]} 46. Nc3 {[%clk 0:56:20]} Nxg3 {[%clk 0:59:56]} 47. hxg3
{[%clk 0:56:39]} h4 {[%clk 1:00:25]} 48. gxh4 {[%clk 0:56:54]} gxh4
{[%clk 1:00:52]} 49. c6  1-0

[Event "European Senior Team Championship 2021"]
[Site "Don Giovanni hotel, Vinohradska 2733, Prague, Czech Republic"]
[Date "2021.09.07"]
[Round "9"]
[Board "3"]
[White "Valtera, Jiri"]
[Black "Meister, Jakob"]
[Result "0-1"]
[WhiteElo "1850"]
[BlackElo "2416"]
[PlyCount "0"]
[EventDate "2021.08.30"]
[EventType "team"]
[EventRounds "9"]
[EventCountry "ECX"]
[WhiteTeam "OLDEST BOYS"]
[BlackTeam "LASKER SCHACHSTIFTUNG GK"]

1. e4 {[%clk 1:30:36]} c5 {[%clk 1:30:53]} 2. Nf3 {[%clk 1:30:50]} e6
{[%clk 1:31:15]} 3. d4 {[%clk 1:30:21]} cxd4 {[%clk 1:31:37]} 4. Nxd4
{[%clk 1:30:16]} Nf6 {[%clk 1:31:58]} 5. Nc3 {[%clk 1:29:55]} d6 {[%clk 1:32:19]}
6. Be2 {[%clk 1:25:24]} Be7 {[%clk 1:32:35]} 7. Be3 {[%clk 1:25:44]} Nc6
{[%clk 1:32:32]} 8. O-O {[%clk 1:24:40]} O-O {[%clk 1:31:59]} 9. a4
{[%clk 1:22:49]} Bd7 {[%clk 1:30:35]} 10. Nb3 {[%clk 1:18:17]} Na5
{[%clk 1:30:43]} 11. Nxa5 {[%clk 1:12:56]} Qxa5 {[%clk 1:31:12]} 12. Bd3
{[%clk 1:13:12]} Bc6 {[%clk 1:30:47]} 13. Qe2 {[%clk 1:09:09]} a6
{[%clk 1:25:59]} 14. Bd2 {[%clk 0:56:59]} Qc7 {[%clk 1:25:24]} 15. Kh1
{[%clk 0:55:54]} Nd7 {[%clk 1:23:19]} 16. f4 {[%clk 0:54:46]} Nc5
{[%clk 1:23:29]} 17. Rf3 {[%clk 0:49:32]} Nxd3 {[%clk 1:21:18]} 18. cxd3
{[%clk 0:45:57]} d5 {[%clk 1:15:01]} 19. Rh3 {[%clk 0:44:00]} g6 {[%clk 1:14:09]}
20. e5 {[%clk 0:42:27]} d4 {[%clk 1:11:37]} 21. Ne4 {[%clk 0:42:07]} Bxe4
{[%clk 1:11:49]} 22. dxe4 {[%clk 0:35:30]} Rfd8 {[%clk 1:11:23]} 23. Rc1
{[%clk 0:30:54]} Qd7 {[%clk 1:10:53]} 24. Rf1 {[%clk 0:26:38]} f5
{[%clk 0:57:38]} 25. exf5 {[%clk 0:21:51]} exf5 {[%clk 0:56:04]} 26. Qc4+
{[%clk 0:20:12]} Qd5 {[%clk 0:56:32]} 27. Qxd5+ {[%clk 0:20:22]} Rxd5
{[%clk 0:56:59]} 28. Rb3 {[%clk 0:20:26]} b5 {[%clk 0:57:05]} 29. axb5
{[%clk 0:18:35]} axb5 {[%clk 0:56:24]} 30. g3 {[%clk 0:18:16]} Kf7
{[%clk 0:52:38]} 31. Kg2 {[%clk 0:17:30]} d3 {[%clk 0:51:10]} 32. Rf3
{[%clk 0:12:51]} Rad8 {[%clk 0:51:04]} 33. Kf1 {[%clk 0:12:36]} b4
{[%clk 0:49:13]} 34. Ke1 {[%clk 0:12:52]} Bc5 {[%clk 0:44:12]} 35. Bxb4
{[%clk 0:10:38]} Rb8 {[%clk 0:41:54]} 36. Rfxd3 {[%clk 0:09:55]} Rxd3
{[%clk 0:42:08]} 37. Rxd3 {[%clk 0:10:03]} Rxb4 {[%clk 0:42:15]} 38. b3
{[%clk 0:08:16]} Ke6 {[%clk 0:41:47]} 39. Ke2 {[%clk 0:04:22]} Bd4
{[%clk 0:39:44]} 40. h3 {[%clk 0:04:03]} Kd5 {[%clk 0:39:20]} 41. Kf3
{[%clk 0:02:18]} Rb6 {[%clk 0:38:37]} 42. g4 {[%clk 0:00:37]} Rc6
{[%clk 0:32:49]}  0-1

[Event "European Senior Team Championship 2021"]
[Site "Don Giovanni hotel, Vinohradska 2733, Prague, Czech Republic"]
[Date "2021.09.07"]
[Round "9"]
[Board "4"]
[White "Koehler, Gerhard"]
[Black "Konvalinka, Vladislav"]
[Result "1-0"]
[WhiteElo "2183"]
[BlackElo "1718"]
[PlyCount "0"]
[EventDate "2021.08.30"]
[EventType "team"]
[EventRounds "9"]
[EventCountry "ECX"]
[WhiteTeam "LASKER SCHACHSTIFTUNG GK"]
[BlackTeam "OLDEST BOYS"]

1. c4 {[%clk 1:30:57]} e5 {[%clk 1:30:45]} 2. g3 {[%clk 1:31:16]} Nc6
{[%clk 1:30:58]} 3. Bg2 {[%clk 1:31:39]} d6 {[%clk 1:30:57]} 4. Nc3
{[%clk 1:31:46]} f5 {[%clk 1:30:45]} 5. d3 {[%clk 1:31:58]} Nf6 {[%clk 1:30:35]}
6. e3 {[%clk 1:32:05]} Be7 {[%clk 1:28:17]} 7. Nge2 {[%clk 1:32:24]} O-O
{[%clk 1:28:20]} 8. O-O {[%clk 1:32:44]} Be6 {[%clk 1:27:55]} 9. Nd5
{[%clk 1:33:01]} Bf7 {[%clk 1:28:01]} 10. Nec3 {[%clk 1:31:57]} Re8
{[%clk 1:21:59]} 11. b4 {[%clk 1:29:36]} e4 {[%clk 1:17:25]} 12. b5
{[%clk 1:01:26]} Nxd5 {[%clk 1:06:15]} 13. Nxd5 {[%clk 0:59:13]} Bxd5
{[%clk 1:01:45]} 14. cxd5 {[%clk 0:59:27]} Nb4 {[%clk 0:57:20]} 15. dxe4
{[%clk 0:56:08]} fxe4 {[%clk 0:57:10]} 16. Rb1 {[%clk 0:54:25]} Nd3
{[%clk 0:49:50]} 17. Bxe4 {[%clk 0:54:00]} Nxc1 {[%clk 0:50:04]} 18. Rxc1
{[%clk 0:53:34]} Qd7 {[%clk 0:48:51]} 19. Qd3 {[%clk 0:41:58]} g6
{[%clk 0:46:18]} 20. Rc4 {[%clk 0:31:47]} Bf6 {[%clk 0:40:49]} 21. a4
{[%clk 0:27:18]} a6 {[%clk 0:37:25]} 22. Qc2 {[%clk 0:25:47]} Rec8
{[%clk 0:35:09]} 23. Bf3 {[%clk 0:24:46]} Qf5 {[%clk 0:33:51]} 24. Qxf5
{[%clk 0:23:36]} gxf5 {[%clk 0:34:14]} 25. Rfc1 {[%clk 0:23:38]} axb5
{[%clk 0:33:12]} 26. axb5 {[%clk 0:23:56]} Bd8 {[%clk 0:28:50]} 27. b6
{[%clk 0:23:55]} c5 {[%clk 0:28:12]} 28. dxc6 {[%clk 0:24:07]}  1-0

[Event "European Senior Team Championship 2021"]
[Site "Don Giovanni hotel, Vinohradska 2733, Prague, Czech Republic"]
[Date "2021.09.07"]
[Round "9"]
[Board "1"]
[White "Chevelevitch, Evgueni"]
[Black "Jansa, Vlastimil"]
[Result "1/2-1/2"]
[WhiteElo "2386"]
[BlackElo "2420"]
[PlyCount "0"]
[EventDate "2021.08.30"]
[EventType "team"]
[EventRounds "9"]
[EventCountry "ECX"]
[WhiteTeam "GERMANY 1"]
[BlackTeam "LYSA NAD LABEM - 100 LET"]

1. e4 {[%clk 1:30:54]} c5 {[%clk 1:30:47]} 2. Nf3 {[%clk 1:31:16]} e6
{[%clk 1:31:07]} 3. c3 {[%clk 1:31:14]} Nf6 {[%clk 1:31:07]} 4. e5
{[%clk 1:31:23]} Nd5 {[%clk 1:31:31]} 5. Bc4 {[%clk 1:31:31]} b6 {[%clk 1:28:25]}
6. d4 {[%clk 1:31:27]} Bb7 {[%clk 1:26:57]} 7. O-O {[%clk 1:31:16]} Be7
{[%clk 1:27:11]} 8. dxc5 {[%clk 1:30:05]} bxc5 {[%clk 1:26:49]} 9. Nbd2
{[%clk 1:29:54]} O-O {[%clk 1:26:07]} 10. Ne4 {[%clk 1:29:43]} f5
{[%clk 1:22:59]} 11. Nd6 {[%clk 1:29:41]} Bxd6 {[%clk 1:17:17]} 12. exd6
{[%clk 1:30:01]} Nf6 {[%clk 1:16:28]} 13. Ne5 {[%clk 1:19:19]} Nc6
{[%clk 1:11:17]} 14. Nxc6 {[%clk 1:09:26]} Bxc6 {[%clk 1:11:12]}  1/2-1/2

[Event "European Senior Team Championship 2021"]
[Site "Don Giovanni hotel, Vinohradska 2733, Prague, Czech Republic"]
[Date "2021.09.07"]
[Round "9"]
[Board "3"]
[White "Baum, Bernd"]
[Black "Hausner, Ivan"]
[Result "1/2-1/2"]
[WhiteElo "2255"]
[BlackElo "2336"]
[PlyCount "0"]
[EventDate "2021.08.30"]
[EventType "team"]
[EventRounds "9"]
[EventCountry "ECX"]
[WhiteTeam "GERMANY 1"]
[BlackTeam "LYSA NAD LABEM - 100 LET"]

1. g3 {[%clk 1:30:57]} g6 {[%clk 1:30:46]} 2. Bg2 {[%clk 1:31:22]} c5
{[%clk 1:31:12]} 3. c3 {[%clk 1:31:05]} Bg7 {[%clk 1:29:59]} 4. d4
{[%clk 1:31:26]} Na6 {[%clk 1:29:48]} 5. e4 {[%clk 1:29:20]} d6 {[%clk 1:30:12]}
6. Ne2 {[%clk 1:29:06]} Nf6 {[%clk 1:30:19]} 7. O-O {[%clk 1:28:21]} O-O
{[%clk 1:30:42]} 8. h3 {[%clk 1:25:26]} e5 {[%clk 1:23:40]} 9. dxe5
{[%clk 1:13:45]} dxe5 {[%clk 1:24:05]} 10. Na3 {[%clk 1:12:13]} Qe7
{[%clk 1:20:55]} 11. Be3 {[%clk 1:11:09]} Nc7 {[%clk 1:19:23]} 12. Qc2
{[%clk 1:07:57]} b6 {[%clk 1:19:37]} 13. Rfd1 {[%clk 1:07:30]} Ba6
{[%clk 1:19:24]} 14. Rd2 {[%clk 1:05:37]} Rad8 {[%clk 1:19:38]} 15. Rad1
{[%clk 1:05:41]} Rxd2 {[%clk 1:19:39]} 16. Rxd2 {[%clk 1:02:38]} Rd8
{[%clk 1:19:58]} 17. Nc1 {[%clk 0:51:26]} Rxd2 {[%clk 1:18:12]}  1/2-1/2

[Event "European Senior Team Championship 2021"]
[Site "Don Giovanni hotel, Vinohradska 2733, Prague, Czech Republic"]
[Date "2021.09.07"]
[Round "9"]
[Board "4"]
[White "Spacek, Petr"]
[Black "Postler, Reinhard"]
[Result "1/2-1/2"]
[WhiteElo "2318"]
[BlackElo "2250"]
[PlyCount "0"]
[EventDate "2021.08.30"]
[EventType "team"]
[EventRounds "9"]
[EventCountry "ECX"]
[WhiteTeam "LYSA NAD LABEM - 100 LET"]
[BlackTeam "GERMANY 1"]

1. Nf3 {[%clk 1:30:55]} d5 {[%clk 1:30:50]} 2. d4 {[%clk 1:31:12]} Nf6
{[%clk 1:31:06]} 3. c4 {[%clk 1:31:31]} c6 {[%clk 1:31:29]} 4. Qc2
{[%clk 1:29:27]} dxc4 {[%clk 1:29:17]} 5. Qxc4 {[%clk 1:29:54]} Bf5
{[%clk 1:29:36]} 6. g3 {[%clk 1:26:41]} e6 {[%clk 1:29:52]} 7. Bg2
{[%clk 1:27:08]} Nbd7 {[%clk 1:27:00]} 8. O-O {[%clk 1:27:16]} Be7
{[%clk 1:27:24]} 9. e3 {[%clk 1:25:22]} O-O {[%clk 1:24:41]} 10. Qe2
{[%clk 1:24:26]} Ne4 {[%clk 1:23:18]} 11. Nfd2 {[%clk 1:20:45]} Nxd2
{[%clk 1:19:40]} 12. Bxd2 {[%clk 1:20:28]} Bg6 {[%clk 1:02:41]} 13. Nc3
{[%clk 1:12:45]} f5 {[%clk 0:58:58]} 14. Rfd1 {[%clk 1:00:49]} Nf6
{[%clk 0:56:40]} 15. f3 {[%clk 0:57:17]} Kh8 {[%clk 0:52:25]} 16. Rac1
{[%clk 0:53:45]} Bd6 {[%clk 0:47:46]} 17. e4 {[%clk 0:51:30]}  1/2-1/2

[Event "European Senior Team Championship 2021"]
[Site "Don Giovanni hotel, Vinohradska 2733, Prague, Czech Republic"]
[Date "2021.09.07"]
[Round "9"]
[Board "1"]
[White "Farago, Ivan"]
[Black "Vaisser, Anatoly"]
[Result "1/2-1/2"]
[WhiteElo "2323"]
[BlackElo "2496"]
[PlyCount "0"]
[EventDate "2021.08.30"]
[EventType "team"]
[EventRounds "9"]
[EventCountry "ECX"]
[WhiteTeam "HUNGARY"]
[BlackTeam "FRANCE"]

1. d4 {[%clk 1:30:55]} e6 {[%clk 1:30:56]} 2. e4 {[%clk 1:31:05]} d5
{[%clk 1:31:14]} 3. exd5 {[%clk 1:31:22]} exd5 {[%clk 1:31:29]} 4. Nf3
{[%clk 1:31:30]} Bd6 {[%clk 1:30:12]} 5. c3 {[%clk 1:31:42]} Bf5 {[%clk 1:28:09]}
6. Bd3 {[%clk 1:31:34]} Bxd3 {[%clk 1:28:28]} 7. Qxd3 {[%clk 1:31:56]} c6
{[%clk 1:25:46]} 8. O-O {[%clk 1:30:29]} Ne7 {[%clk 1:25:37]} 9. Bg5
{[%clk 1:29:25]} h6 {[%clk 1:25:33]} 10. Bh4 {[%clk 1:28:26]} O-O
{[%clk 1:20:39]} 11. Nbd2 {[%clk 1:27:26]} Qd7 {[%clk 1:19:24]} 12. Bg3
{[%clk 1:27:08]}  1/2-1/2

[Event "European Senior Team Championship 2021"]
[Site "Don Giovanni hotel, Vinohradska 2733, Prague, Czech Republic"]
[Date "2021.09.07"]
[Round "9"]
[Board "2"]
[White "Sharif, Mehrshad"]
[Black "Hardicsay, Peter"]
[Result "1/2-1/2"]
[WhiteElo "2335"]
[BlackElo "2185"]
[PlyCount "0"]
[EventDate "2021.08.30"]
[EventType "team"]
[EventRounds "9"]
[EventCountry "ECX"]
[WhiteTeam "FRANCE"]
[BlackTeam "HUNGARY"]

1. Nf3 {[%clk 1:30:49]} d5 {[%clk 1:30:28]} 2. g3 {[%clk 1:30:54]} c6
{[%clk 1:30:13]} 3. Bg2 {[%clk 1:31:06]} Nf6 {[%clk 1:28:50]} 4. O-O
{[%clk 1:31:01]} Bg4 {[%clk 1:28:13]} 5. h3 {[%clk 1:31:14]} Bxf3
{[%clk 1:26:51]} 6. Bxf3 {[%clk 1:31:31]} e5 {[%clk 1:27:03]} 7. d3
{[%clk 1:31:22]} Nbd7 {[%clk 1:26:22]} 8. e4 {[%clk 1:30:57]} dxe4
{[%clk 1:25:09]} 9. dxe4 {[%clk 1:31:17]} Bc5 {[%clk 1:25:08]} 10. Qe2
{[%clk 1:27:47]} Qe7 {[%clk 1:20:06]} 11. Nd2 {[%clk 1:25:33]} O-O
{[%clk 1:08:41]} 12. a4 {[%clk 1:25:05]} Rfd8 {[%clk 1:04:00]} 13. Nb3
{[%clk 1:11:41]} Bd6 {[%clk 1:01:36]} 14. Be3 {[%clk 1:06:21]} Nc5
{[%clk 0:58:26]} 15. Bxc5 {[%clk 0:58:38]}  1/2-1/2

[Event "European Senior Team Championship 2021"]
[Site "Don Giovanni hotel, Vinohradska 2733, Prague, Czech Republic"]
[Date "2021.09.07"]
[Round "9"]
[Board "3"]
[White "Volosin, Vladimir"]
[Black "Boudre, Jean-Pierre"]
[Result "0-1"]
[WhiteElo "2235"]
[BlackElo "2263"]
[PlyCount "0"]
[EventDate "2021.08.30"]
[EventType "team"]
[EventRounds "9"]
[EventCountry "ECX"]
[WhiteTeam "HUNGARY"]
[BlackTeam "FRANCE"]

1. c4 {[%clk 1:30:47]} e5 {[%clk 1:30:43]} 2. Nc3 {[%clk 1:30:54]} Bb4
{[%clk 1:31:05]} 3. g3 {[%clk 1:29:34]} Bxc3 {[%clk 1:31:26]} 4. bxc3
{[%clk 1:29:51]} Nf6 {[%clk 1:31:49]} 5. Bg2 {[%clk 1:29:33]} O-O
{[%clk 1:32:06]} 6. d3 {[%clk 1:28:06]} d6 {[%clk 1:31:55]} 7. e4
{[%clk 1:27:13]} c6 {[%clk 1:26:58]} 8. Ba3 {[%clk 1:11:27]} Re8 {[%clk 1:19:51]}
9. Ne2 {[%clk 1:04:58]} d5 {[%clk 1:19:08]} 10. cxd5 {[%clk 1:04:17]} cxd5
{[%clk 1:19:35]} 11. O-O {[%clk 1:04:11]} dxe4 {[%clk 1:16:25]} 12. dxe4
{[%clk 1:03:16]} Nc6 {[%clk 1:14:09]} 13. Qc2 {[%clk 0:52:10]} Be6
{[%clk 1:08:16]} 14. Rfd1 {[%clk 0:43:15]} Qa5 {[%clk 1:06:47]} 15. Bc1
{[%clk 0:40:15]} h6 {[%clk 0:58:15]} 16. Be3 {[%clk 0:35:23]} Ng4
{[%clk 0:55:51]} 17. Bd2 {[%clk 0:34:52]} Qc5 {[%clk 0:52:25]} 18. Be1
{[%clk 0:34:16]} Red8 {[%clk 0:39:48]} 19. h3 {[%clk 0:31:12]} Nf6
{[%clk 0:40:05]} 20. Rxd8+ {[%clk 0:27:55]} Rxd8 {[%clk 0:40:31]} 21. Nc1
{[%clk 0:27:12]} Bc4 {[%clk 0:38:34]} 22. Bf3 {[%clk 0:23:45]} b6
{[%clk 0:37:40]} 23. Nb3 {[%clk 0:23:10]} Qb5 {[%clk 0:35:31]} 24. Nd2
{[%clk 0:22:17]} Bd3 {[%clk 0:35:41]} 25. Qb3 {[%clk 0:22:11]} Qc5
{[%clk 0:35:41]} 26. a4 {[%clk 0:21:02]} Na5 {[%clk 0:34:08]} 27. Qb4
{[%clk 0:20:09]} Qc8 {[%clk 0:29:59]} 28. Kg2 {[%clk 0:19:30]} Qe6
{[%clk 0:30:16]} 29. Rc1 {[%clk 0:14:13]} Nb7 {[%clk 0:28:27]} 30. c4
{[%clk 0:12:19]} a5 {[%clk 0:26:55]} 31. Qa3 {[%clk 0:10:23]} Nc5
{[%clk 0:16:55]} 32. Nb3 {[%clk 0:08:10]} Ncxe4 {[%clk 0:17:16]} 33. c5
{[%clk 0:05:44]} Ng5 {[%clk 0:17:32]} 34. g4 {[%clk 0:05:44]} Nxf3
{[%clk 0:15:53]} 35. Kxf3 {[%clk 0:05:55]} Be4+ {[%clk 0:16:18]} 36. Ke2
{[%clk 0:04:19]} Rd3 {[%clk 0:15:35]} 37. Rc3 {[%clk 0:04:22]} Rxc3
{[%clk 0:15:59]}  0-1